MARC

LEADER 00000nam0a2200000 4500
001 246819
005 20231101232237.0
035 |a (RuTPU)RU\TPU\book\268286 
090 |a 246819 
100 |a 20131210d1959 k y0rusy50 ca 
101 0 |a rus 
102 |a RU 
105 |a a z 001zy 
200 1 |a Избранные главы общей химии  |e основы строения вещества  |f Н. П. Агафошин 
205 |a 2-е изд. 
210 |a Москва  |c Учпедгиз  |d 1959 
215 |a 348 с.  |c ил. 
320 |a Библиогр.: с. 346-347. 
606 1 |a Химия общая  |2 stltpush  |3 (RuTPU)RU\TPU\subj\67862  |9 83510 
610 1 |a вещество 
610 1 |a строение 
610 1 |a элементы 
610 1 |a периодический закон 
610 1 |a открытие 
610 1 |a атомы 
610 1 |a электроны 
610 1 |a ядерные превращения 
610 1 |a химическая связь 
610 1 |a ионы 
610 1 |a поляризация 
675 |a 54  |v 3 
700 1 |a Агафошин  |b Н. П.  |g Николай Петрович 
801 1 |a RU  |b 63413507  |c 20131210 
801 2 |a RU  |b 63413507  |c 20150924  |g RCR 
942 |c BK